000 00620 a2200193 4500
020 _a0312398123
020 _a031239859X
040 _aDLC
_bDLC
082 0 0 _a808/.042
100 1 _aMcWhorter, Kathleen T.
245 1 0 _aSuccessful college writing: skills, strategies, learning styles
_bskills, strategies, learning styles
_cKathleen T. McWhorter.
250 _a2nd ed.
260 _aBoston :
_bBedford/St. Martin's,
_cc2003.
300 _alix, 992 p. :
_bill. (some col.) ;
_c24 cm.
500 _aIncludes index.
650 0 _aEnglish language
_xRhetoric
650 0 _aReport writing
942 _cBK
_k808.042 MCW
_2ddc
999 _c4843
_d4843